01359nam a22003377a 4500003000500000005001700005008004100022010001000063011001000073035001000083040000900093090001000102100003900112245019900151260004100350300002200391502011300413590003700526590004100563590004100604590004100645590004200686650002200728650004100750650003400791901000700825942001000832949003500842999001700877952012700894CHAP20220329135234.0971013s1977 r 00010 d a33104 a34076 a38192 cCHAP aTesis00aLozano González, Ricardo.968770 aComportamiento y adaptación del cultivo de la sandía (Citrullus vulgaris L.) variedad Improved Peacock en diecinueve fechas de siembra durante el período febrero-julio. Apodaca, N.L., 1976 a(Monterrey, N.L.) :bEl autor,c1977 a88 h.b: gráfs. aTesis (Ing. Agr. Esp. en Parasitología Agrícola) -- ITESM. Div. de Ciencias Agropecuarias y Marítimas. aALEPHb10c20130110lUCH01h1257 aBATCH-UPDb10c20130110lUCH01h1212 aBATCH-UPDb10c20130410lUCH01h0750 aBATCH-UPDb10c20130914lUCH01h1734 aCONVERSIONb10c20130109lUCH01h131914aSandía.910205614aSandíaxFechas de siembra.910206814aSandíaxVariedades.9102087 aBK cTESIS bBCcTESd-87302eTS1i38192si c33104d33104 00102local4051708TESISaBCbBCcPA_TESISd2012-12-17fTESISl0oTesisp-87302r2019-12-31 00:00:00w2019-12-31yTESIS